000 00498nam a2200169Ia 4500
999 _c26178
_d26178
003 OSt
005 20211122104657.0
008 190216s9999||||xx |||||||||||||| ||und||
040 _coclc
082 _a894.8121
_bMEN/S
100 _aMenon, Vallathol Narayana
_97417
245 0 _aSahithya Manjari Vol 6 /
_cVallathol Narayana Menon
260 _bD C Books,
_c1963.
_aKottayam:
300 _a98p
650 _aKavithkal
942 _cBK
_2ddc
_h894.8121
_iMEN/S
_k894.8121
_mMEN/S